000 00581nam a2200193Ia 4500
005 20250317131429.0
008 008 250317s9999 xx 000 0 eng d
020 _a0-02-918461-4
037 _aTextbook
040 _aFMSL
_beng
_cFMSL
041 _aeng
_2eng
084 _aX:510bY M9
_qFMSL
100 _aKotler Philip
245 0 _aSocial marketing : strategies for changing public behavior
260 _aLondon
_bLondon, Free Press
_c1989
300 _axii,397
942 _cTB
_hX:510bY M9
999 _c1268072
_d1268072